000 01336nam0a2200361 4500
001 RU\NLR\BIBL_A\022085822
005 20240704115610.0
010 _a978-5-17-153827-9
_92000
021 _aRU
_bКН-П-23-068235
_9КН-П-23-6932
035 _a(NLR Aleph) 022085822
035 _a(RuMoRGB)012257361
090 _a12702522
_c12702522
100 _a20231201d2023 u y0rusy50 ca
101 1 _arus
_cfre
102 _aRU
105 _ay z 000ay
181 0 _ai
_baxxe
182 0 _an
200 1 _aФарфоровый солдат
_eроман
_fМатиас Мальзьё
_gперевод с французского Натальи Мавлевич
203 _aТекст
_bвизуальный
_cнепосредственный
210 _aМосква
_cАСТ
_cCorpus
_d2023
215 _a281, [2] с.
_d17
225 1 _aCorpus
_v784
300 _aВ аннот. авт.: М. Мальзё - музыкант и реж., кавалер Ордена искусств и лит.
333 _a12+
675 _a821.133.1-31
_v4
686 1 _aШ6(4Фр)67-442{Лх1649-51}
700 1 _aМальзьё
_bМ.
_f1974-
_gМатиас
_3RU\NLR\AUTH\770226663
942 _cBOOK
980 _aNB